|
|
|
|
| LEADER |
00000nkm a2200000 a 4500 |
| 001 |
vtls011769487 |
| 003 |
SK-MaSNL |
| 005 |
20260512124127.0 |
| 007 |
kp co |
| 008 |
240703q1928 xo g kuhun |
| 015 |
|
|
|a SNBG1928
|
| 035 |
|
|
|a urn:nbn:sk:snk-km00dn8y
|
| 035 |
|
|
|a urn:nbn:sk:snk-km3m00n
|
| 035 |
|
|
|a 5EDE4555-43E4-4C6A-BAEB-45D625B939FA
|
| 040 |
|
|
|a SNK
|b slo
|c SNK
|e AACR2
|
| 041 |
0 |
|
|a hun
|
| 043 |
|
|
|a e-xo---
|
| 044 |
|
|
|a xo
|c SK
|
| 072 |
|
7 |
|a 913
|x Regionálna geografia
|2 konspekt
|
| 080 |
|
|
|a 913(437.6)
|2 2011
|
| 080 |
|
|
|a (084.121)
|2 2011
|
| 245 |
0 |
0 |
|a Lucziabánya - Rošti, Pörkölö
|h grafika
|
| 260 |
|
|
|a [Slovensko?]
|b "Budúcnosť" (Julius Hubert)
|c [1928?]
|
| 300 |
|
|
|a 1 pohľadnica
|b kolorovaná
|c 9 x 14 cm
|
| 520 |
8 |
|
|a Zobrazenie: Pohľad na banícke zariadenie pri štreke stojí pán s baretkou
|
| 651 |
|
7 |
|a Lucia Baňa (Vyšný Medzev, Slovensko)
|2 SNKPHgeo
|9 432016
|
| 655 |
|
7 |
|a miestne pohľadnice
|2 SNKPH
|9 70510
|
| 852 |
|
|
|a Slovenská národná knižnica
|
| 958 |
|
|
|a EUIPO
|
| 958 |
|
|
|a GBN
|
| 958 |
|
|
|a TL
|
| 958 |
|
|
|a GC
|
| 958 |
|
|
|a OND
|
| 999 |
|
|
|c 857085
|d 859015
|
| 952 |
|
|
|a SNK
|b SNK
|y PREZ
|7 0
|p 17A1243251
|o snkSP 131988
|0 0
|1 0
|4 0
|d 2018-07-27
|f 1
|l 0
|r 2026-02-24 05:00:44
|w 2026-02-24
|